00630nam a22001817a 450000500170000001000150001702000270003202000240005903500130008303700130009608200110010924501220012026000450024227000640028730000250035150000500037670000220042620140827121705.0 aENG-110596 a9780198096269c1595.00 a0198096267c1595.00 aEN-94128 bDBAD/PUB a351.01 aKing, Governance and law in ancient India :ca new annotated ranslation by Patrick OlivellebKautilya's Arthasastra / aNew DelhibOxford University Pressc2013 aYMCA Library Building, 1 Jai Singh Road bNew Delhie110001 axxix,753p.c24cm(Hb) aIncludes bibliographical references and index aOlivelle, Patrick